书目信息 |
| 书名: | 俄罗斯文学史 | |
| 作者: | 任光宣,张建华,余一中著. | |
| 分册号: | ||
| 分册名: | 出版地: | 北京 : |
|
| 出版社: | 北京大学出版社 | |
| 出版时间: | 2003. | |
| 页数: | 401 p. ; | |
| 开本: | 20cm. | |
| 丛书名: | ||
| 中图分类号: | ||
| 科图分类号: | ||
| 其他分类号: | I512.09 | |
| 主题词: | ||
| 电子资源: | ||
| 000 | 00470nam 2200169 a 4500 | |
| 001 | E0740043822 | |
| 005 | 20070308111209.28 | |
| 008 | 070308s2003 00010 eng | |
| 020 | @a7-301-06450-0 :@cCNY25.00. | |
| 040 | @aPFT@bchi | |
| 041 | @arus | |
| 090 | @aI512.09 | |
| 099 | @dI512.09@ex4 | |
| 245 | 1 | @a俄罗斯文学史 / @c任光宣,张建华,余一中著. |
| 260 | @a北京 :@b北京大学出版社,@c2003. | |
| 300 | @a401 p. ;@c20cm. | |
| 500 | @a教育部高校外语专业 21世纪外国文学系列教材 | |
| 俄罗斯文学史 / / 任光宣,张建华,余一中著.-北京 : : 北京大学出版社, , 2003. |
| 401 p. ; ; 20cm. |
| 教育部高校外语专业 21世纪外国文学系列教材 |
| ISBN 7-301-06450-0 :CNY25.00. |
| ● |
| 相关链接 |
|
|
|
|
正题名:俄罗斯文学史
索取号:I512.09/x4
 
预约/预借
| 序号 | 登录号 | 条形码 | 馆藏地/架位号 | 状态 | 备注 |
| 1 | 0000955 | 300009559 | 第二样本阅览室/ [索取号:I512.09/x4] | 在馆 | |
| 2 | 0000956 | 300009568 | 第四借阅区/ [索取号:I512.09/x4] | 在馆 | |
| 3 | 0000957 | 300009577 | 第四借阅区/ [索取号:I512.09/x4] | 在馆 | |
| 4 | 0000958 | 300009586 | 第四借阅区/ [索取号:I512.09/x4] | 在馆 | |
| 5 | 0000959 | 300009595 | 第四借阅区/ [索取号:I512.09/x4] | 在馆 |